| 000 | 01024cam a22002894a 4500 | ||
|---|---|---|---|
| 001 | 16326299 | ||
| 005 | 20200421093816.0 | ||
| 008 | 100702s2009 enka b 001 0 eng | ||
| 010 | _a 2010497538 | ||
| 020 | _a9781408119488 (hbk.) | ||
| 020 | _a9781904271512 (pbk.) | ||
| 040 |
_aDLC _cDLC |
||
| 050 | 0 | 0 |
_aPR3184 _b.D8 2009 |
| 100 | 1 |
_aWebster, John, _d1580?-1625? _9576 |
|
| 245 | 1 | 4 |
_aThe Duchess of Malfi / _cJohn Webster ; edited by Leah S. Marcus |
| 260 |
_aLondon : _bArden Shakespeare, _c2009. |
||
| 300 |
_axviii, 430 p. : _bill. ; _c21 cm. |
||
| 490 | 0 | _aArden early modern drama | |
| 504 | _aIncludes bibliographical references (p. 406-420) and index. | ||
| 600 | 1 | 0 |
_aWebster, John, _d1580?-1625? _tDuchess of Malfi. _9577 |
| 650 | 0 |
_aBrothers and sisters _vDrama. _91514 |
|
| 650 | 0 |
_aRetribution _vDrama _9578 |
|
| 700 | 1 |
_aMarcus, Leah S. _q(Leah Sinanoglou) _9579 |
|
| 906 |
_a7 _bcbc _corigcop _d3 _encip _f20 _gy-gencatlg |
||
| 942 |
_2ddc _cBK |
||
| 999 |
_c23 _d23 |
||